Normal view
MARC view
Entry Personal Name
001 - CONTROL NUMBER
- control field: 49338
003 - CONTROL NUMBER IDENTIFIER
- control field: OSt
005 - DATE AND TIME OF LATEST TRANSACTION
- control field: 20241205161304.0
008 - FIXED-LENGTH DATA ELEMENTS
- fixed length control field: 241205|| aca||aabn | a|a d
040 ## - CATALOGING SOURCE
- Original cataloging agency: OSt
- Transcribing agency: OSt
100 ## - HEADING--PERSONAL NAME
- Personal name: Bangari, Ravindra Singh
670 ## - SOURCE DATA FOUND
- Source citation: Work cat.: (OSt): Bangari, Ravindra Singh , High-risk, critical decision-making under time pressure: Some parallels and learning from split-second choices made in extreme adventure sports
